000 00620cam a2200205 4500
001 D11603
008 090401t1981 xxu||||| |||| 00| 0 eng d
022 _a0305-4713
035 _a(Sirsi) u98647
041 _aeng
100 _aStone, R.V.
245 _aAgricultural tenancy agreements
260 _c1981
350 _a0
490 _aLand Agency and Agriculture Practice Leaflet
_v 14
520 _aIn RICS Land Agency and Agriculture Division. Practice leaflets - 1974/9
710 _aRoyal Institution of Chartered Surveyors. Land Agency and Agriculture Division
_91449
942 _n0
948 _c04/03/1997
999 _c99197
_d99197